[Event "Championnat de France - Open A"]
[Site "NANCY"]
[Date "2013.08.12"]
[Round "1.1"]
[White "Zienkiewicz, Alexandre"]
[Black "Herrmann, Jean-Philippe"]
[Result "0-1"]
[WhiteElo "2065"]
[BlackElo "2198"]
[PlyCount "82"]

1. Nf3 Nf6 2. c4 e6 3. g3 b6 4. Bg2 Bb7 5. O-O c5 6. Nc3 Be7 7. Re1 O-O 8. e4
d6 9. d4 cxd4 10. Nxd4 Qc8 11. Qe2 Nc6 12. Be3 Ne8 13. Rac1 Ne5 14. f4 Nd7 15.
g4 g6 16. f5 Ng7 17. Rf1 Qd8 18. b3 Ne5 19. h3 Bg5 20. Qd2 Bxe3+ 21. Qxe3 Rc8
22. f6 Ne8 23. g5 Rc5 24. Rcd1 h5 25. Nf3 Qb8 26. Nxe5 Rxe5 27. Qf4 Qc7 28. Kh1
a6 29. a4 Qc5 30. h4 Qb4 31. Ne2 Qxb3 32. Rxd6 Rxe4 33. Bxe4 Bxe4+ 34. Qxe4
Nxd6 35. Qd4 Nf5 36. Qf4 Qh3+ 37. Kg1 Nxh4 38. Kf2 Qg2+ 39. Ke1 Qh3 40. Rf2
Ng2+ 41. Rxg2 Qxg2 0-1

[Event "Championnat de France - Open A"]
[Site "NANCY"]
[Date "2013.08.12"]
[Round "1.3"]
[White "Helfer, Remi"]
[Black "Naudier, Serge"]
[Result "0-1"]
[WhiteElo "2064"]
[BlackElo "2194"]
[PlyCount "78"]

1. e4 e5 2. Nc3 Nf6 3. f4 d5 4. fxe5 Nxe4 5. d3 Nxc3 6. bxc3 d4 7. Nf3 Nc6 8.
Be2 Bc5 9. O-O dxc3+ 10. Kh1 O-O 11. Qe1 Nd4 12. Qxc3 b6 13. Qd2 f6 14. c3 Nxe2
15. Qxe2 Ba6 16. exf6 Qxf6 17. Bb2 Rfe8 18. Qc2 Qg6 19. c4 Rad8 20. Ne5 Qh5 21.
Rae1 Bb7 22. Qd2 Bd6 23. Qf4 Rf8 24. Qg4 Rxf1+ 25. Rxf1 Qxg4 26. Nxg4 Re8 27.
Bc3 h5 28. Nf2 Re2 29. a4 a5 30. Kg1 Bc6 31. Re1 Rxe1+ 32. Bxe1 Bxa4 33. Ne4
Be5 34. Kf2 Bc2 35. Ke3 Bxh2 36. Kd2 Ba4 37. Kc3 Bc6 38. Bg3 Bxg3 39. Nxg3 g6
0-1

[Event "Championnat de France - Open A"]
[Site "NANCY"]
[Date "2013.08.12"]
[Round "1.4"]
[White "Moucheroud, Jeremy"]
[Black "Julian, Stephane"]
[Result "1-0"]
[WhiteElo "2185"]
[BlackElo "2064"]
[PlyCount "41"]

1. e4 c5 2. Nc3 Nc6 3. Nge2 g6 4. d4 cxd4 5. Nxd4 Bg7 6. Be3 d6 7. f3 Nf6 8.
Qd2 O-O 9. Bc4 Bd7 10. O-O-O Rc8 11. Bb3 Ne5 12. Kb1 Nc4 13. Bxc4 Rxc4 14. g4
a6 15. h4 h5 16. gxh5 Nxh5 17. Rhg1 Kh7 18. Nde2 Qa5 19. Rg5 b5 20. Qd5 Nf6 21.
Qxc4 1-0

[Event "Championnat de France - Open A"]
[Site "NANCY"]
[Date "2013.08.12"]
[Round "1.5"]
[White "De La Fontaine, Christophe"]
[Black "Callet, Emmanuel"]
[Result "0-1"]
[WhiteElo "2062"]
[BlackElo "2183"]
[PlyCount "109"]

1. e4 c5 2. a3 e5 3. Bc4 Nc6 4. b4 Nf6 5. Nf3 Bd6 6. bxc5 Bxc5 7. d4 Bxd4 8.
Nxd4 Nxd4 9. O-O Qc7 10. Qd3 d6 11. Nc3 Be6 12. Nb5 Nxb5 13. Bxb5+ Ke7 14. Qg3
h6 15. Bd3 g5 16. a4 Rag8 17. Ba3 Nd7 18. Rfd1 Nc5 19. Qe3 b6 20. Rab1 Nxa4 21.
Bb5 Nc5 22. Rd2 Rd8 23. Rbd1 f6 24. f3 h5 25. Bb4 Rhg8 26. Ba3 Rg6 27. Kf2 Rg7
28. Kg1 Kf7 29. Kf2 Kg6 30. Kg1 Rf7 31. Qc3 f5 32. Bxc5 bxc5 33. Bc4 Bxc4 34.
Qxc4 f4 35. c3 Rf6 36. Rb2 Qf7 37. Rd5 Kg7 38. Qa6 g4 39. Rb7 Rd7 40. Rb8 Kh7
41. Rd2 gxf3 42. Rf2 fxg2 43. Qc8 Qg7 44. Rxg2 Rg6 45. Rxg6 Kxg6 46. Kf2 Kh7
47. Rb1 Qf7 48. Rb8 Qg7 49. Rb1 f3 50. Rg1 Qf7 51. Rg5 Rb7 52. Rf5 Rb2+ 53. Ke3
Qg6 54. Qd8 Qg1+ 55. Kd3 0-1

[Event "Championnat de France - Open A"]
[Site "NANCY"]
[Date "2013.08.12"]
[Round "1.6"]
[White "Bianchi, Guillaume"]
[Black "Suez-Panama, Gilles"]
[Result "1-0"]
[WhiteElo "2175"]
[BlackElo "2062"]
[PlyCount "55"]

1. Nf3 d5 2. d4 c6 3. c4 e6 4. Qc2 Nd7 5. g3 f5 6. Bg2 Ngf6 7. O-O Bd6 8. Bf4
Bxf4 9. gxf4 Ne4 10. Nbd2 O-O 11. Rac1 Rf6 12. e3 Rh6 13. Nxe4 fxe4 14. Ng5 Nf6
15. f3 Qe8 16. Rf2 Qh5 17. Bh1 Rg6 18. Rg2 exf3 19. Rg3 f2+ 20. Qxf2 h6 21. Bf3
Qh4 22. Qc2 Rxg5 23. fxg5 hxg5 24. Qg6 Nh7 25. Qe8+ Nf8 26. Bh5 Kh7 27. Rf1 Nd7
28. Bg6+ 1-0

[Event "Championnat de France - Open A"]
[Site "NANCY"]
[Date "2013.08.12"]
[Round "1.7"]
[White "Aflalo, Sophie"]
[Black "Aurel, Luc"]
[Result "1-0"]
[WhiteElo "2060"]
[BlackElo "2164"]
[Annotator "Rivier,Sylvain"]
[PlyCount "69"]

1. e4 Nc6 2. d4 e5 3. Nf3 exd4 4. Nxd4 g6 5. Bc4 Bg7 6. Nxc6 bxc6 7. Nc3 Qe7 8.
O-O d6 9. Qf3 Bd7 10. Re1 Nh6 11. Bxh6 Bxh6 12. Nd5 cxd5 13. exd5 Bg7 14. Rxe7+
Kxe7 15. Re1+ Kf8 16. Qb3 Be5 17. f4 Bd4+ 18. Kf1 Kg7 19. Re7 Bf5 20. Bd3 Rab8
21. Qc4 Bxd3+ 22. cxd3 Bf6 23. Re2 Rhc8 24. b3 Rb6 25. Qa4 a6 26. Qd7 Rbb8 27.
Rc2 Rd8 28. Qxc7 h5 29. Qa7 Rb5 30. Rc7 Rf8 31. Qxa6 Rxd5 32. Rd7 Rf5 33. Qxd6
g5 34. g3 gxf4 35. gxf4 {suite illisible} 1-0

[Event "Championnat de France - Open A"]
[Site "NANCY"]
[Date "2013.08.12"]
[Round "1.8"]
[White "Malassagne, Raphael"]
[Black "Montabord, Manuel"]
[Result "1-0"]
[WhiteElo "2158"]
[BlackElo "2055"]
[PlyCount "63"]

1. d4 Nf6 2. Bf4 d6 3. e3 g6 4. Be2 Bg7 5. Nf3 Nbd7 6. O-O O-O 7. c4 c6 8. Nc3
a6 9. a4 a5 10. h3 Nb8 11. e4 Na6 12. Qd2 Ne8 13. Bh6 Nec7 14. Rfd1 Ne6 15. h4
Qb6 16. h5 Rd8 17. Bxg7 Kxg7 18. d5 Nec5 19. h6+ Kg8 20. Qd4 f6 21. dxc6 Qxc6
22. Nd5 Qe8 23. e5 Ne6 24. Qb6 dxe5 25. Qxa5 Bd7 26. Nb6 Rab8 27. Nxe5 Nac5 28.
Nexd7 Nxd7 29. Nxd7 Rxd7 30. Bg4 f5 31. Qe5 Rd6 32. Bf3 1-0

[Event "Championnat de France - Open A"]
[Site "NANCY"]
[Date "2013.08.12"]
[Round "1.9"]
[White "Ringuet, Noe"]
[Black "Najart, David"]
[Result "0-1"]
[WhiteElo "2055"]
[BlackElo "2156"]
[Annotator "Rivier,Sylvain"]
[PlyCount "36"]

1. e4 c5 2. Nf3 d6 3. d4 cxd4 4. Nxd4 Nf6 5. Nc3 a6 6. Bc4 e6 7. Bb3 Nbd7 8.
Bg5 Qa5 9. Qd2 Be7 10. O-O-O h6 11. Bxf6 Bxf6 12. Nde2 Be7 13. Kb1 Qc7 14. f4
Nc5 15. f5 O-O 16. Rhf1 Kh7 17. g4 Bf6 18. fxe6 fxe6 {suite illisible} 0-1

[Event "Championnat de France - Open A"]
[Site "NANCY"]
[Date "2013.08.12"]
[Round "1.10"]
[White "Amoyal, Pierre"]
[Black "Verneuil, Pascal"]
[Result "1-0"]
[WhiteElo "2143"]
[BlackElo "2055"]
[PlyCount "157"]
[EventDate "2013.??.??"]

1. d4 Nf6 2. c4 g6 3. Nc3 Bg7 4. e4 d6 5. Nf3 O-O 6. Be2 e5 7. O-O a5 8. Bg5
exd4 9. Nxd4 Na6 10. Qd2 Nc5 11. f3 Nfxe4 12. fxe4 Bxd4+ 13. Qxd4 Qxg5 14. Nd5
Ne6 15. Nf6+ Kh8 16. Qc3 Ng7 17. Rf2 Be6 18. Raf1 Qe5 19. Qb3 b6 20. Rf4 Ne8
21. Nd5 c6 22. Ne3 b5 23. Bg4 Kg7 24. Bxe6 Qxe6 25. Qc3+ Qe5 26. Qd2 b4 27. Ng4
Qc5+ 28. R4f2 f6 29. Qh6+ Kg8 30. Kh1 Qd4 31. h4 Ra7 32. b3 Raf7 33. Qf4 Rg7
34. Rd2 Qc5 35. Nh6+ Kh8 36. Qf3 Qe5 37. Rdf2 Rd7 38. Re2 Kg7 39. Ng4 Qh5 40.
g3 Rdf7 41. Nh2 Qxf3+ 42. Nxf3 c5 43. Rd1 Re7 44. Kg2 Rff7 45. Rd5 Re6 46. e5
fxe5 47. Ng5 Ref6 48. Nxf7 Kxf7 49. Rd3 Ke6 50. Rf3 Ng7 51. g4 Ke7 52. Rxf6
Kxf6 53. Kf3 Ne6 54. Ke4 Nf4 55. Rd2 Ke7 56. Rh2 Ke6 57. Rd2 Kd7 58. Rh2 Ke6
59. Rd2 Kd7 60. Rh2 Ke6 61. h5 g5 62. h6 Kf6 63. Rd2 Ke6 64. Rd1 Ng6 65. a3 Ne7
66. axb4 axb4 67. Ra1 Ng8 68. Rh1 Nf6+ 69. Kf3 e4+ 70. Kg3 d5 71. cxd5+ Nxd5
72. Ra1 Nf4 73. Ra7 e3 74. Rxh7 e2 75. Kf2 Kf6 76. Rc7 Ng6 77. h7 Nf8 78. Rc6+
Kg7 79. Rc7+ 1-0

[Event "Championnat de France - Open A"]
[Site "NANCY"]
[Date "2013.08.13"]
[Round "2.1"]
[White "Herrmann, Jean-Philippe"]
[Black "Stevens, Christian"]
[Result "1-0"]
[WhiteElo "2198"]
[BlackElo "2077"]
[PlyCount "65"]
[EventDate "2013.??.??"]

1. e4 c5 2. Nc3 Nc6 3. g3 g6 4. Bg2 Bg7 5. d3 d6 6. f4 e6 7. Nf3 Nge7 8. O-O
O-O 9. Be3 Nd4 10. Ne1 Rb8 11. Qd2 b5 12. Nd1 b4 13. c3 bxc3 14. bxc3 Ndc6 15.
e5 Nd5 16. Bf2 Nce7 17. Rc1 dxe5 18. c4 Nb6 19. Bxc5 Qc7 20. Qb4 Nc6 21. Bd6
Qd7 22. Qc5 Bb7 23. Bxc6 Bxc6 24. Bxb8 Rxb8 25. fxe5 Bh6 26. Rb1 Rd8 27. Qf2
Ba8 28. Nc3 f5 29. exf6 Qc6 30. f7+ Kf8 31. Ne4 Rxd3 32. Nxd3 Qxe4 33. Qc5+ 1-0

[Event "Championnat de France - Open A"]
[Site "NANCY"]
[Date "2013.08.13"]
[Round "2.2"]
[White "Daurelle, Herve"]
[Black "Aflalo, Sophie"]
[Result "1-0"]
[WhiteElo "2196"]
[BlackElo "2060"]
[PlyCount "111"]
[EventDate "2013.??.??"]

1. e4 c5 2. Nf3 Nc6 3. d4 cxd4 4. Nxd4 Nf6 5. Nc3 e5 6. Ndb5 d6 7. Bg5 a6 8.
Na3 b5 9. Bxf6 gxf6 10. Nd5 Bg7 11. Bd3 Be6 12. O-O f5 13. Qh5 f4 14. c4 b4 15.
Nc2 a5 16. Rfd1 O-O 17. Ne1 Nb8 18. Nf3 Nd7 19. Rac1 Nc5 20. Nh4 Ra7 21. Nf5
Kh8 22. Bb1 Rd7 23. Rd2 Rg8 24. Rcd1 Bxf5 25. exf5 Bf6 26. Qf3 Bg5 27. Re2 Qf8
28. f6 Qh6 29. Bf5 Rdd8 30. Qh3 f3 31. Qxf3 Ne6 32. Bxe6 fxe6 33. f7 Rgf8 34.
Nc7 Qg6 35. Qg4 Rxf7 36. Nxe6 Rdd7 37. Nxg5 Rf5 38. h4 h6 39. Rxe5 Rxe5 40.
Qxd7 hxg5 41. Rxd6 Qh5 42. Qd8+ Re8 43. Qf6+ Kg8 44. Qg6+ Qxg6 45. Rxg6+ Kf7
46. Rxg5 Re1+ 47. Kh2 Re4 48. Kg3 Rxc4 49. Rxa5 Rc2 50. b3 Rc3+ 51. f3 Rc2 52.
Ra4 Kg6 53. Rxb4 Rxa2 54. Rb6+ Kf5 55. Rb5+ Kg6 56. Kf4 1-0

[Event "Championnat de France - Open A"]
[Site "NANCY"]
[Date "2013.08.13"]
[Round "2.3"]
[White "Naudier, Serge"]
[Black "Garnier, Teddy"]
[Result "0-1"]
[WhiteElo "2194"]
[BlackElo "2051"]
[PlyCount "94"]
[EventDate "2013.??.??"]

1. e4 Nf6 2. Nc3 d5 3. e5 Nfd7 4. f4 c5 5. Nf3 Nc6 6. d4 cxd4 7. Nxd4 Nxd4 8.
Qxd4 e6 9. Bb5 a6 10. Bxd7+ Bxd7 11. O-O Rc8 12. Be3 Bc5 13. Qd2 Qb6 14. Bxc5
Rxc5 15. Qf2 O-O 16. f5 Rc6 17. f6 g6 18. Nd1 Qxf2+ 19. Rxf2 Rc4 20. Re2 Rfc8
21. c3 b5 22. a3 g5 23. Nf2 h6 24. Rd1 Kh7 25. Ne4 Rxe4 26. Rxe4 dxe4 27. Rxd7
Kg6 28. g4 Rc5 29. Ra7 Rxe5 30. Rxa6 e3 31. Kf1 e2+ 32. Ke1 Kxf6 33. a4 bxa4
34. Rxa4 Kg6 35. Ra6 Re4 36. h3 Re3 37. Rb6 Kf6 38. c4 Ke5 39. c5 f5 40. c6 Kd6
41. gxf5 exf5 42. c7+ Kxc7 43. Rxh6 f4 44. b4 f3 45. Rf6 Rd3 46. Kf2 Rd1 47.
Re6 Rf1+ 0-1

[Event "Championnat de France - Open A"]
[Site "NANCY"]
[Date "2013.08.13"]
[Round "2.4"]
[White "Soubirou, Oriane"]
[Black "Moucheroud, Jeremy"]
[Result "0-1"]
[WhiteElo "2083"]
[BlackElo "2185"]
[PlyCount "136"]
[EventDate "2013.??.??"]

1. d4 Nf6 2. c4 e6 3. Nf3 d5 4. e3 c6 5. Be2 Nbd7 6. O-O Bd6 7. b3 O-O 8. Bb2
b6 9. Nbd2 Bb7 10. Qc2 Qc7 11. e4 dxe4 12. Nxe4 Nxe4 13. Qxe4 c5 14. Qh4 Rfe8
15. dxc5 Nxc5 16. Rad1 Rad8 17. Qg5 e5 18. Rfe1 Ne6 19. Qg4 Nf4 20. Nh4 Bb4 21.
Nf5 f6 22. Rxd8 Rxd8 23. Rd1 Rxd1+ 24. Bxd1 Bxg2 25. Ne3 Bh3 26. Qf3 Qc8 27.
Nd5 Nxd5 28. Qxd5+ Be6 29. Qe4 Bf5 30. Qd5+ Kh8 31. Bf3 Qe8 32. a3 Bf8 33. Qa8
Qxa8 34. Bxa8 a5 35. Bc6 Bc2 36. Ba4 g6 37. Kf1 Kg8 38. Ke2 Bh6 39. Bc3 Bc1 40.
c5 bxc5 41. Bxa5 Kf7 42. Bb5 Bxa3 43. Bc4+ Ke7 44. Bc3 Bf5 45. f3 Bb4 46. Bb2
g5 47. Bd3 Ke6 48. Bc4+ Kd6 49. Ke3 Be6 50. Bd3 Bxb3 51. Bxh7 Bd5 52. Bf5 c4
53. Ke2 Kc6 54. Ke3 Kb5 55. Bd7+ Kc5 56. Ke2 c3 57. Bc1 Kc4 58. Ba4 Bc5 59. Bc2
Bg1 60. Ba3 Bc5 61. Bc1 Kb4 62. h3 Bc4+ 63. Ke1 Be6 64. Ke2 Bxh3 65. Ke1 Be6
66. Ke2 Bd5 67. Bf5 Kb3 68. Bg6 Ba3 0-1

[Event "Championnat de France - Open A"]
[Site "NANCY"]
[Date "2013.08.13"]
[Round "2.5"]
[White "Callet, Emmanuel"]
[Black "Pichelin, Pascal"]
[Result "1/2-1/2"]
[WhiteElo "2183"]
[BlackElo "2038"]
[PlyCount "48"]
[EventDate "2013.??.??"]

1. Nf3 d5 2. d4 c6 3. c4 e6 4. Nc3 dxc4 5. a4 Bb4 6. e3 b5 7. Ne5 Bb7 8. Bd2 a6
9. b3 cxb3 10. Qxb3 Qe7 11. Rb1 Bxc3 12. Bxc3 Qc7 13. Be2 Nf6 14. O-O Nbd7 15.
Nxd7 Qxd7 16. Bf3 O-O 17. Rfd1 Nd5 18. Bb2 Nb6 19. a5 Nc4 20. Bc3 Rfd8 21. Be2
Nd6 22. Bf3 Nc4 23. Be2 Nd6 24. Bf3 Nc4 1/2-1/2

[Event "Championnat de France - Open A"]
[Site "NANCY"]
[Date "2013.08.13"]
[Round "2.6"]
[White "Brest, Jean-Francois"]
[Black "Bianchi, Guillaume"]
[Result "1/2-1/2"]
[WhiteElo "2079"]
[BlackElo "2175"]
[PlyCount "150"]
[EventDate "2013.??.??"]

1. d4 Nf6 2. c4 g6 3. Nc3 Bg7 4. e4 d6 5. Bd3 Nc6 6. Nge2 O-O 7. O-O e5 8. d5
Nd4 9. Bb1 c5 10. dxc6 bxc6 11. Nxd4 exd4 12. Qxd4 Ng4 13. Qd3 Qh4 14. Qg3 Qxg3
15. hxg3 Ba6 16. Rd1 Bxc4 17. Bf4 Rab8 18. Bd3 Bxd3 19. Rxd3 Rxb2 20. Rf1 Rc2
21. Nd1 Rd8 22. a3 d5 23. f3 Ne5 24. Bxe5 Bxe5 25. Ne3 Rc3 26. Rfd1 Rxd3 27.
Rxd3 d4 28. f4 Bc7 29. Nc4 f6 30. Kf2 c5 31. Kf3 Rb8 32. e5 Kf7 33. Ke4 Ke6 34.
exf6 Kxf6 35. Kd5 Bb6 36. g4 Re8 37. Rh3 Kg7 38. Rb3 Re2 39. g3 Rc2 40. g5 Rc3
41. Rb1 Rxg3 42. Nxb6 axb6 43. Rxb6 Rxa3 44. Rb7+ Kf8 45. Kxc5 d3 46. Rxh7 Ke8
47. Kd4 d2 48. Rh1 Kf7 49. Rd1 Ke6 50. Rxd2 Kf5 51. Rf2 Ra4+ 52. Ke3 Re4+ 53.
Kf3 Rxf4+ 54. Kg2 Rxf2+ 55. Kxf2 Kf4 56. Kg2 Kg4 57. Kf2 Kxg5 58. Kg3 Kf5 59.
Kf3 g5 60. Kg3 g4 61. Kf2 Kg5 62. Kg3 Kh5 63. Kg2 Kh4 64. Kh2 Kg5 65. Kg3 Kf5
66. Kg2 Kf4 67. Kf2 g3+ 68. Kg1 Kg4 69. Kg2 Kh4 70. Kg1 Kh3 71. Kh1 Kg4 72. Kg2
Kf4 73. Kg1 Kf3 74. Kf1 g2+ 75. Kg1 Kg3 1/2-1/2

[Event "Championnat de France - Open A"]
[Site "NANCY"]
[Date "2013.08.13"]
[Round "2.7"]
[White "Veron, Cyprien"]
[Black "Malassagne, Raphael"]
[Result "1-0"]
[WhiteElo "2078"]
[BlackElo "2158"]
[PlyCount "105"]
[EventDate "2013.??.??"]

1. Nf3 Nf6 2. c4 c6 3. d4 d5 4. Nc3 a6 5. e3 g6 6. Be2 Bg7 7. O-O O-O 8. cxd5
cxd5 9. b3 Nc6 10. Bb2 Bg4 11. Rc1 e6 12. Na4 Nd7 13. h3 Bxf3 14. Bxf3 Qh4 15.
Qd2 Rfc8 16. Ba3 Qh6 17. Rc2 Bf8 18. Bxf8 Qxf8 19. Rfc1 f5 20. Nc5 Nxc5 21.
Rxc5 Qd6 22. Be2 Rc7 23. f4 Rac8 24. g4 g5 25. Kh1 Rf8 26. gxf5 gxf4 27. exf4
Rxf5 28. Bg4 Rf6 29. Re1 Rg7 30. Qe3 Rgg6 31. Bh5 Rh6 32. Bg4 Rfg6 33. f5 exf5
34. Qe8+ Qf8 35. Bxf5 Rg5 36. Rxd5 Qxe8 37. Rxe8+ Kf7 38. Re3 Ne7 39. Rd7 Rxf5
40. Rdxe7+ Kf6 41. R3e6+ Kg5 42. Rxh6 Kxh6 43. Rxb7 a5 44. a4 Rd5 45. Rb5 Rxd4
46. Rxa5 Rd3 47. Rb5 Kg7 48. a5 Kf6 49. a6 Ke6 50. b4 Rd8 51. a7 Ra8 52. Rb7 h5
53. b5 1-0

[Event "Championnat de France - Open A"]
[Site "NANCY"]
[Date "2013.08.13"]
[Round "2.8"]
[White "Najart, David"]
[Black "Monpeurt, Cyrielle"]
[Result "1/2-1/2"]
[WhiteElo "2156"]
[BlackElo "2031"]
[PlyCount "107"]
[EventDate "2013.??.??"]

1. Nf3 Nf6 2. c4 c5 3. Nc3 g6 4. d4 Bg7 5. d5 e6 6. e4 exd5 7. cxd5 d6 8. Nd2
Nbd7 9. Be2 O-O 10. O-O a6 11. a4 Re8 12. Qc2 Rb8 13. h3 b6 14. f4 Bb7 15. Nc4
Qc7 16. Bf3 Ba8 17. Bd2 b5 18. axb5 axb5 19. Rxa8 bxc4 20. Ra2 Rb3 21. Rfa1
Reb8 22. Nd1 Nb6 23. Ba5 Nfd7 24. Qxc4 Nxc4 25. Bxc7 Bd4+ 26. Kh2 R8b7 27. Ra8+
Kg7 28. Rc8 Ndb6 29. Bxb6 R3xb6 30. Be2 Nd2 31. Re8 Rb8 32. Rxb8 Rxb8 33. Bd3
Rb3 34. Ra3 Rxa3 35. bxa3 c4 36. Bc2 c3 37. Bd3 Nc4 38. Nxc3 Nb2 39. Nb5 Be3
40. Bc2 Bxf4+ 41. g3 Be5 42. a4 Nc4 43. Bd3 Nb2 44. a5 Na4 45. Bc2 Nc3 46. Na7
Bd4 47. Nc6 Bc5 48. Bd3 f5 49. exf5 Nxd5 50. fxg6 hxg6 51. a6 Nc7 52. a7 Kf6
53. Ba6 Bxa7 54. Nxa7 1/2-1/2

[Event "Championnat de France - Open A"]
[Site "NANCY"]
[Date "2013.08.13"]
[Round "2.9"]
[White "Duchateau, Thomas"]
[Black "Amoyal, Pierre"]
[Result "0-1"]
[WhiteElo "2075"]
[BlackElo "2143"]
[PlyCount "98"]
[EventDate "2013.??.??"]

1. d4 Nf6 2. c4 c5 3. d5 b5 4. cxb5 a6 5. b6 Qxb6 6. Nc3 g6 7. Nf3 Bg7 8. e4 d6
9. Nd2 Nbd7 10. Nc4 Qc7 11. Bf4 O-O 12. Be2 Nb6 13. Ne3 Bb7 14. O-O Rad8 15. a4
e5 16. Bg5 h6 17. Bh4 Rb8 18. Kh1 Bc8 19. g4 Nbd7 20. Qd2 Rb4 21. f3 Qb8 22.
Rab1 h5 23. h3 Rd4 24. Qc2 hxg4 25. hxg4 Nh7 26. Rg1 f6 27. Nc4 Bh6 28. Bf2 Bf4
29. Na5 Ng5 30. Bxd4 exd4 31. Nc6 Qc7 32. Nd1 Ne5 33. Kg2 d3 34. Bxd3 Nexf3 35.
Nf2 Nxg1 36. Rxg1 Bb7 37. b4 Be3 38. b5 axb5 39. axb5 Bc8 40. Kg3 Qh7 41. Rg2
Bxf2+ 42. Kxf2 Qh4+ 43. Kf1 Bxg4 44. Rxg4 Qxg4 45. b6 Qf3+ 46. Ke1 Rf7 47. Ba6
Rh7 48. b7 Qe3+ 49. Kf1 Rh1+ 0-1

[Event "Championnat de France - Open A"]
[Site "NANCY"]
[Date "2013.08.13"]
[Round "2.10"]
[White "Louvrier Saint-Mary, Jean-Roger"]
[Black "Messinger, Karl"]
[Result "0-1"]
[WhiteElo "2017"]
[BlackElo "2139"]
[PlyCount "84"]
[EventDate "2013.??.??"]

1. b3 e5 2. Bb2 Nc6 3. e3 g6 4. Nf3 Bg7 5. Bb5 Nge7 6. d4 exd4 7. Nxd4 O-O 8.
Nxc6 bxc6 9. Bxg7 Kxg7 10. Qd4+ f6 11. Bd3 d6 12. Nd2 c5 13. Qb2 Bb7 14. Ne4
Nc6 15. Ng5 Qd7 16. Bc4 Rae8 17. Be2 Nd4 18. exd4 fxg5 19. d5+ Kg8 20. c4 Qg4
21. Kf1 Qf4 22. Bd3 c6 23. Rd1 cxd5 24. Qd2 d4 25. Qxf4 gxf4 26. h4 f3 27. g4
Re2 28. Bxe2 fxe2+ 29. Kxe2 Bf3+ 30. Kd3 Bxh1 31. Rxh1 Rxf2 32. Ke4 h5 33. gxh5
gxh5 34. Kd5 Rf6 35. Rg1+ Kf7 36. b4 cxb4 37. Ke4 Rg6 38. Rf1+ Ke6 39. Rf4 Rg4
40. Rxg4 hxg4 41. Kxd4 g3 42. Ke3 a5 0-1

[Event "Championnat de France - Open A"]
[Site "NANCY"]
[Date "2013.08.14"]
[Round "3.1"]
[White "Kassis, Antoine"]
[Black "Herrmann, Jean-Philippe"]
[Result "1-0"]
[WhiteElo "2108"]
[BlackElo "2198"]
[PlyCount "91"]
[EventDate "2013.??.??"]

1. d4 Nf6 2. c4 c5 3. d5 e6 4. Nc3 exd5 5. cxd5 d6 6. e4 g6 7. h3 Bg7 8. Nf3
O-O 9. Bd3 Nbd7 10. Bf4 Qe7 11. O-O Nh5 12. Bh2 a6 13. a4 Bh6 14. Re1 Nf4 15.
Bf1 f6 16. Nd2 Ne5 17. Nc4 Bd7 18. Nb6 Rae8 19. Bxf4 Bxf4 20. g3 Bh6 21. f4 Nf7
22. Kh2 Qd8 23. Nxd7 Qxd7 24. h4 f5 25. Qc2 Bg7 26. exf5 Qxf5 27. Qxf5 gxf5 28.
Re6 Nh6 29. Rae1 Ng4+ 30. Kg2 Kf7 31. Bd3 Bd4 32. Bxf5 Ne3+ 33. R1xe3 Bxe3 34.
Rxd6 Kg8 35. Be6+ Kh8 36. Rd7 Bd4 37. f5 b5 38. axb5 Bxc3 39. bxc3 axb5 40. Rc7
c4 41. d6 Ra8 42. d7 Rfd8 43. Kf3 Kg7 44. g4 Kf6 45. g5+ Ke7 46. Ke4 1-0

[Event "Championnat de France - Open A"]
[Site "NANCY"]
[Date "2013.08.14"]
[Round "3.2"]
[White "Garnier, Teddy"]
[Black "Daurelle, Herve"]
[Result "0-1"]
[WhiteElo "2051"]
[BlackElo "2196"]
[PlyCount "80"]
[EventDate "2013.??.??"]

1. e4 c5 2. c3 Nf6 3. e5 Nd5 4. d4 cxd4 5. cxd4 d6 6. Nf3 Nc6 7. Nc3 dxe5 8.
dxe5 Nxc3 9. Qxd8+ Nxd8 10. bxc3 Bd7 11. Nd4 Rc8 12. Be3 a6 13. Kd2 g6 14. Bd3
Bg7 15. f4 O-O 16. Rab1 b5 17. a4 bxa4 18. Bxa6 Ra8 19. Bb5 Bxb5 20. Rxb5 f6
21. Ra1 fxe5 22. fxe5 Ra6 23. Kc2 Nf7 24. Nf3 Rc8 25. h3 Nd6 26. Rb4 Nc4 27.
Bd4 a3 28. Kb3 Na5+ 29. Ka2 Nc6 30. Rc4 Rb8 31. Rb1 Rxb1 32. Kxb1 a2+ 33. Ka1
e6 34. Rc5 Bh6 35. Rb5 Bc1 36. c4 Ra4 37. Rb6 Rxc4 38. Bb2 Nb4 39. Ne1 Bxb2+
40. Kxb2 Rc1 0-1

[Event "Championnat de France - Open A"]
[Site "NANCY"]
[Date "2013.08.14"]
[Round "3.3"]
[White "Moucheroud, Jeremy"]
[Black "Veron, Cyprien"]
[Result "1/2-1/2"]
[WhiteElo "2185"]
[BlackElo "2078"]
[PlyCount "80"]
[EventDate "2013.??.??"]

1. e4 e5 2. Nf3 Nc6 3. d4 exd4 4. Nxd4 Qf6 5. c3 Bc5 6. Be3 Nge7 7. Bc4 O-O 8.
O-O Bb6 9. Kh1 Rd8 10. Qd2 Nxd4 11. cxd4 h6 12. Nc3 d5 13. Nxd5 Nxd5 14. exd5
Bf5 15. f3 Rac8 16. a4 a6 17. a5 Ba7 18. Rfd1 c6 19. dxc6 Rxc6 20. b3 Rcd6 21.
d5 Bxe3 22. Qxe3 Be6 23. Qd4 Bxd5 24. Qxf6 gxf6 25. Bxd5 Rxd5 26. Rxd5 Rxd5 27.
b4 Rb5 28. Rb1 b6 29. axb6 Rxb6 30. Kg1 Rb5 31. Ra1 Rxb4 32. Rxa6 Kg7 33. Kf2
Rb2+ 34. Kg3 Kg6 35. Kh3 Rb3 36. Kg4 Rb2 37. Kh3 Rb3 38. Kg4 Rb2 39. Kh3 Rb3
40. Kg4 Rb2 1/2-1/2

[Event "Championnat de France - Open A"]
[Site "NANCY"]
[Date "2013.08.14"]
[Round "3.4"]
[White "Amoyal, Pierre"]
[Black "Savalle, Alexandre"]
[Result "0-1"]
[WhiteElo "2143"]
[BlackElo "2016"]
[PlyCount "80"]
[EventDate "2013.??.??"]

1. d4 Nf6 2. c4 c5 3. d5 e6 4. Nc3 exd5 5. cxd5 d6 6. Nf3 g6 7. Nd2 Nbd7 8. e4
Bg7 9. Be2 O-O 10. O-O a6 11. a4 Re8 12. Re1 h5 13. h3 Nh7 14. Nc4 Ne5 15. Ne3
h4 16. f4 Nd7 17. Bf3 Rb8 18. Nc4 Nb6 19. Na3 Bd7 20. a5 Na8 21. Nc4 Bb5 22.
Ne3 b6 23. e5 dxe5 24. f5 Ng5 25. fxg6 fxg6 26. Be4 Bd7 27. Bxg6 Nxh3+ 28. gxh3
Qg5+ 29. Kh1 Qxg6 30. Rg1 Qh7 31. Ng4 Kh8 32. Bg5 Rf8 33. Qe1 Rf3 34. Kh2 e4
35. Qxe4 Qxe4 36. Nxe4 bxa5 37. Rxa5 Rxb2+ 38. Rg2 Bxg4 39. hxg4 Be5+ 40. Kh1
Rf1+ 0-1

[Event "Championnat de France - Open A"]
[Site "NANCY"]
[Date "2013.08.14"]
[Round "3.5"]
[White "Messinger, Karl"]
[Black "Cornaton, Antoine"]
[Result "1-0"]
[WhiteElo "2139"]
[BlackElo "1995"]
[PlyCount "65"]
[EventDate "2013.??.??"]

1. e4 e6 2. d4 d5 3. Nd2 Nf6 4. e5 Nfd7 5. f4 c5 6. c3 Nc6 7. Ndf3 Qb6 8. a3
cxd4 9. cxd4 a5 10. b3 Qa7 11. Bb2 b6 12. Rc1 Bb7 13. Bd3 h6 14. f5 exf5 15.
Bxf5 O-O-O 16. Ne2 Kb8 17. Nc3 Ne7 18. Nb5 Qa8 19. Bd3 Nc6 20. O-O Be7 21. e6
fxe6 22. Qe1 Bc8 23. Qg3+ e5 24. dxe5 Nc5 25. e6+ Bd6 26. Nxd6 Nxd3 27. Nb5+
Kb7 28. Qc7+ Ka6 29. Rxc6 Qb7 30. Bd4 Nc5 31. Bxc5 Qxc7 32. Nxc7+ Kb7 33. Ne5
1-0

[Event "Championnat de France - Open A"]
[Site "NANCY"]
[Date "2013.08.14"]
[Round "3.6"]
[White "Rubino, William"]
[Black "Kramo, Sosthene"]
[Result "1-0"]
[WhiteElo "2123"]
[BlackElo "1954"]
[PlyCount "47"]
[EventDate "2013.??.??"]

1. e4 e5 2. Nc3 Nf6 3. Bc4 Bb4 4. a3 Ba5 5. f4 d6 6. Nf3 Nc6 7. O-O O-O 8. d3
Bb6+ 9. Kh1 Be6 10. Nd5 Nd7 11. f5 Bxd5 12. Bxd5 h6 13. Qe1 Nf6 14. Qg3 Kh8 15.
Ba2 Nd4 16. Nxd4 Bxd4 17. Qh3 c6 18. g4 Nh7 19. f6 Nxf6 20. c3 Bb6 21. Bg5 Kg8
22. Bxf6 gxf6 23. Qxh6 d5 24. Rf3 1-0

[Event "Championnat de France - Open A"]
[Site "NANCY"]
[Date "2013.08.14"]
[Round "3.7"]
[White "Mirimanian, Haik"]
[Black "Fischer, Julie"]
[Result "1-0"]
[WhiteElo "2111"]
[BlackElo "1950"]
[PlyCount "53"]
[EventDate "2013.??.??"]

1. e4 c5 2. Nc3 Nc6 3. g3 g6 4. d3 Bg7 5. Be3 d6 6. Bg2 Nf6 7. h3 O-O 8. Qd2
Nd4 9. Nd1 Rb8 10. c3 Nc6 11. Ne2 b5 12. d4 Nd7 13. Bh6 b4 14. Bxg7 Kxg7 15. d5
Nce5 16. f4 Nc4 17. Qd3 Ndb6 18. b3 Na3 19. c4 a5 20. Ne3 a4 21. O-O Bd7 22.
Qd2 Ra8 23. f5 Bc8 24. Ng4 Nd7 25. Nf4 Ne5 26. f6+ exf6 27. Nh5+ 1-0